| 000 | 00464nam a2200193Ia 4500 | ||
|---|---|---|---|
| 005 | 20240823024712.0 | ||
| 008 | 240823s9999||||xx |||||||||||||| ||und|| | ||
| 020 | _a0-88487-324-2 | ||
| 041 | _aENGLISH | ||
| 082 | _A629.1346 P3 | ||
| 100 | _aJeppesen | ||
| 245 | 0 | _aStandard Aviation Maintenance HandBook | |
| 250 | _a1st | ||
| 260 |
_c2003 _bJeppesen Mainte |
||
| 500 | _aTRANSFERED | ||
| 650 |
_aStandard aviation _bAME |
||
| 942 | _cBK | ||
| 999 |
_c184546 _d184546 |
||